000
00367nam a22001217a 4500
040
_c
HS
082
_a
631
100
_a
សុក គន្ធី
245
_a
វិស្វកម្មប្រតិបត្តិក្រោយការប្រមូលផលស្រូវ
260
_a
Cambodia
_b
សុក គន្ធី
_c
2007
300
_a
NA
942
_c
KB
999
_c
9339
_d
9339